National Assembly Library of Thailand

การพูดในที่ชุมนุม = (ระเบียนเลขที่ 105915)

รายละเอียดในรูปแบบ MARC
000 -LEADER
fixed length control field 02394 a2200265 4500
003 - CONTROL NUMBER IDENTIFIER
control field NALT
005 - DATE AND TIME OF LATEST TRANSACTION
control field 20241121145152.0
008 - FIXED-LENGTH DATA ELEMENTS--GENERAL INFORMATION
fixed length control field 241106b th ||||| |||| 00| 0 tha d
020 ## - INTERNATIONAL STANDARD BOOK NUMBER
International Standard Book Number 9786163886675
040 ## - CATALOGING SOURCE
Original cataloging agency NALT
050 ## - LIBRARY OF CONGRESS CALL NUMBER
Classification number PN 4129.15
Item number ค336ก 2566
100 1# - MAIN ENTRY--PERSONAL NAME
Personal name คาร์เนกี, เดล.
9 (RLIN) 29404
245 10 - TITLE STATEMENT
Title การพูดในที่ชุมนุม =
Remainder of title How to develop self-confidence and influence people by public speaking /
Statement of responsibility, etc. เดล คาร์เนกี, เขียน ; อาษา ขอจิตต์เมตต์, แปล.
250 ## - EDITION STATEMENT
Edition statement พิมพ์ครั้งที่ 4.
260 ## - PUBLICATION, DISTRIBUTION, ETC.
Place of publication, distribution, etc. กรุงเทพฯ :
Name of publisher, distributor, etc. แสงดาว,
Date of publication, distribution, etc. 2566.
300 ## - PHYSICAL DESCRIPTION
Extent 338 หน้า :
Dimensions 21 ซม.
505 2# - FORMATTED CONTENTS NOTE
Formatted contents note สร้างความกล้าหาญ -- ความเชื่อมันในตนเองโดยอาศัยการเตรียม -- วิธีนักพูดเรืองนามปาฐกถา -- วิธีทำให้ความจำดีขึ้น -- วิธีทำให้ผู้ฟังตื่นอยู่ตลอดเวลา -- สิ่งจำเป็นเพื่อบรรลุความสำเร็จในการแสดงปาฐกถา -- เคล็ดลับของการแสดงปาฐกถาที่ดี -- ท่าทางและบุคลิกลักษณะบนเวที -- วิธีเปิดฉากปาฐกถา -- วิธีปิดฉากปาฐกถา -- วิธีทำให้ความหมายแจ่มแจ้ง -- วิธีพูดให้ประทับใจและจูงใจให้เชื่อ -- วิธีทำให้ผู้ฟังสนใจ -- วิธีทำให้ปฏิบัติตาม -- วิธีปรับปรุงถ้อยคำสำนวนให้ดีขึ้น.
650 #4 - SUBJECT ADDED ENTRY--TOPICAL TERM
Topical term or geographic name entry element การพูดในชุมนุมชน
9 (RLIN) 15078
650 #4 - SUBJECT ADDED ENTRY--TOPICAL TERM
Topical term or geographic name entry element การพูด
9 (RLIN) 14198
650 #4 - SUBJECT ADDED ENTRY--TOPICAL TERM
Topical term or geographic name entry element วาทศิลป์
9 (RLIN) 14199
700 0# - ADDED ENTRY--PERSONAL NAME
Personal name อาษา ขอจิตต์เมตต์.
9 (RLIN) 26511
942 ## - ADDED ENTRY ELEMENTS (KOHA)
Koha item type General Book
Source of classification or shelving scheme Library of Congress Classification
996 ## - STAFF PROCESSING RECORDS (NALT)
Staff name jamriang.p
Staff type CATSTF
Acquisition or Cataloging date 2024-11-06
998 ## - STAFF NAME (NALT)
-- 111
-- นางสาวพจพิณ พรมเอี่ยม
รายการที่มีในห้องสมุด
Withdrawn status Lost status Source of classification or shelving scheme Damaged status Not for loan Collection code Home library Current library Shelving location Date acquired Source of acquisition Total Checkouts Total Renewals Full call number Barcode Date last seen Date last checked out Price effective from Koha item type
    Library of Congress Classification     General Book collection National Assembly Library of Thailand National Assembly Library of Thailand General Book shelves 28/09/2024 194 1 1 PN 4129.15 ค336ก 2566 3961214464 06/12/2024 21/11/2024 28/09/2024 General Book
หอสมุดรัฐสภา
สำนักงานเลขาธิการสภาผู้แทนราษฎร เลขที่ 1111 ถนนสามเสน แขวงถนนนครไชยศรี เขตดุสิต กรุงเทพฯ 10300
The Secretariat of the House of Representatives 1111 Samsen Road, Thanon Nakhon Chai Si, Dusit, Bangkok 10300, THAILAND
โทรศัพท์: +66(0) 2242 5900 ต่อ 5714-5 โทรสาร: +66(0) 2242 5990 อีเมล: [email protected]